1038 1051 1195 1659 1745 1664 1140 1842 1998 1251 1927 1940 1697 1579 1853 1377 1134 1537 1839 2000 1902 1499 2000 1302 1756 1383 1764 1648 1355 1784 1212 1098 1589 1677 1832 1010 1340 1775 1851 1335 1631 1289 1041 1855 1164 1604 1799 1724 1338 1814 1076 1904 1334 1755 1756 1792 1810 1782 1017 1248 1273 1558 1555 1459 1681 1063 1097 1173 1645 1616 1019 1788 1489 1680 1205 1689 1781 1551 1528 1229 1282 1967 1259 1811 1069 1305 1836 1918 1663 1832 1526 1347 1768 1643 1908 1505 1163 1570 1613 BCNSPRNW ULIB Ver.6.0+V

เปลี่ยนเป็นภาษาไทย

Change to English
 แสดงรายละเอียดบรรณานุกรม
  กลับหน้าหลัก

Brief Record : Get Marc (ISO 2709) : E-mail record : QR code < ปิดหน้าต่าง
LEADER : 00000nam 2200000uu 4500
001    13399126926
003     ULIB
008    190905s2561||||th 000 0 tha d
020    ^a9786164788343
060    ^aWY160^bม614ก
100    ^aมุกข์ดา ผดุงยาม
245    ^aการพยาบาลสุขภาพจิตและจิตเวชศาสตร์ Mental Health and Psychiatric Nursing แนวข้อสอบพร้อมเฉลย
250    ^aพิมพ์ครั้งที่ 1
260    ^aกรุงเทพฯ :^bนีโอดิจิตอล,^c2561
300    ^a260 หน้า^bภาพประกอบ, ตาราง, ภาคผนวก
650    ^aการพยาบาลจิตเวชศาสตร์
650    ^aสุขภาพจิต
650    ^aจิตเวชศาสตร์
945    ^p280^l0^i005843
945    ^p280^l0^i005840
945    ^p280^l0^i005839
945    ^p280^l0^i005845
945    ^p280^l0^i005844
945    ^p280^l0^i005842
945    ^p280^l0^i005848
945    ^p280^l0^i005847
945    ^p280^l0^i005841
945    ^p280^l0^i005846
999    ^aประนอม เกษจรัล
รายการนี้ยังไม่มีแท็ก
คุณยังไม่ได้ล็อกอิน คุณสามารถมีกิจกรรมร่วมกับเว็บไซต์ได้ แต่ต้องล็อกอินก่อน ::
  ล็อกอิน

รายการสื่อสารสนเทศ

ลำดับที่ ประเภท เลขเรียก/บาร์โค้ด สถานที่ สถานะ
1. Book การพยาบาล
หนังสือสำรอง
สถานะ=หนังสือสำรอง
WY160 ม614ก ฉ.1 
  Barcode: 005839
ห้องสมุดวิทยาเขตสวรรค์ประชารักษ์
►หนังสือทั่วไป
บนชั้น
2. Book การพยาบาล
Book การพยาบาล
WY160 ม614ก ฉ.10 
  Barcode: 005848
ห้องสมุดวิทยาเขตสวรรค์ประชารักษ์
►หนังสือทั่วไป
บนชั้น
3. Book การพยาบาล
Book การพยาบาล
WY160 ม614ก ฉ.2 
  Barcode: 005840
ห้องสมุดวิทยาเขตสวรรค์ประชารักษ์
►หนังสือทั่วไป
ถูกยืม กำหนดส่งวันที่ 7 มีนาคม 2565
  จอง
4. Book การพยาบาล
Book การพยาบาล
WY160 ม614ก ฉ.3 
  Barcode: 005841
ห้องสมุดวิทยาเขตสวรรค์ประชารักษ์
►หนังสือทั่วไป
บนชั้น
5. Book การพยาบาล
Book การพยาบาล
WY160 ม614ก ฉ.4 
  Barcode: 005842
ห้องสมุดวิทยาเขตสวรรค์ประชารักษ์
►หนังสือทั่วไป
บนชั้น
6. Book การพยาบาล
Book การพยาบาล
WY160 ม614ก ฉ.5 
  Barcode: 005843
ห้องสมุดวิทยาเขตสวรรค์ประชารักษ์
►หนังสือทั่วไป
บนชั้น
7. Book การพยาบาล
Book การพยาบาล
WY160 ม614ก ฉ.6 
  Barcode: 005844
ห้องสมุดวิทยาเขตสวรรค์ประชารักษ์
►หนังสือทั่วไป
บนชั้น
8. Book การพยาบาล
Book การพยาบาล
WY160 ม614ก ฉ.7 
  Barcode: 005845
ห้องสมุดวิทยาเขตสวรรค์ประชารักษ์
►หนังสือทั่วไป
ถูกยืม กำหนดส่งวันที่ 24 กุมภาพันธ์ 2566
  จอง
9. Book การพยาบาล
Book การพยาบาล
WY160 ม614ก ฉ.8 
  Barcode: 005846
ห้องสมุดวิทยาเขตสวรรค์ประชารักษ์
►หนังสือทั่วไป
บนชั้น
10. Book การพยาบาล
Book การพยาบาล
WY160 ม614ก ฉ.9 
  Barcode: 005847
ห้องสมุดวิทยาเขตสวรรค์ประชารักษ์
►หนังสือทั่วไป
บนชั้น

รายการใกล้เคียง
    ชื่อเรื่อง [การพยาบาลสุขภาพจิตและจิตเวชศาสตร์ Mental Health and Psychiatric Nursing แนวข้อสอบพร้อมเฉลย]

    ผู้แต่ง [มุกข์ดา ผดุงยาม]

    หัวเรื่อง [การพยาบาลจิตเวชศาสตร์]
    หัวเรื่อง [สุขภาพจิต]
    หัวเรื่อง [จิตเวชศาสตร์]

BibComment


ยังไม่เคยถูกคอมเมนท์

คอมเมนท์ทรัพยากรรายการนี้
  คอมเมนท์: การพยาบาลสุขภาพจ..


 Copyright 2026. Bcnsprnw @Library